000 00665nam a2200229 a 4500
001 9093
003 BD-RjUL
005 20211208234720.0
008 170509s1964 nyua 001 0 eng
035 _a(BD-RjUL)9138
040 _aDLC/ICU
_cICU
_dDLC
_dBD-RjUL
_beng
041 _aeng
082 0 0 _2123
_a530.44
_bGAE 1964
100 1 _aGartenhaus, Solomon,
_d1929-
_928232
245 1 0 _aElements of plasma physics /
_cSolomon Gartenhaus.
260 _aNew York :
_bHolt, Rinehart and Winston,
_cc1964.
300 _aviii, 198 p. :
_bill. ;
_c24 cm.
500 _aIncludes index
650 0 _aPlasma (Ionized gases)
_928233
942 _2ddc
_cBK
999 _c9093
_d9093